Every Toronto Raptors AllStar - Statistics

General Stats
  • This quiz has been taken 7 times
  • The average score is 7 of 9
Answer Stats
Year/Years Number of AllStars Player % Correct
2013,2015,2016,2017 4x DeMar DeRozan
100%
2014,2015,2016,2017,2018,2019 6x Kyle Lowry
100%
1999,2000,2001,2002,2003 5x Vince Carter
100%
2005,2006,2007,2008,2009 5x Chris Bosh
71%
2021 1x Fred VanVleet
71%
2018 1x Kawhi Leonard
71%
2023 1x Scottie Barnes
71%
2019,2022 2x Pascal Siakam
57%
2000 1x Antonio Davis
43%
No matching quizzes found
Score Distribution
Percent of People with Each Score
Percentile by Number Answered
Your Score History
You have not taken this quiz